书目信息 |
| 题名: |
养生杂粮坚果粥
|
|
| 作者: | 陈志田 主编 | |
| 分册: | ||
| 出版信息: | 南昌 江西科学技术出版社 2020.8 |
|
| 页数: | 256页 | |
| 开本: | 25cm | |
| 丛书名: | ||
| 单 册: | ||
| 中图分类: | TS972.137 | |
| 科图分类: | ||
| 主题词: | 杂粮--粥--食物养生--食谱 , 坚果--粥--食物养生--食谱 , 杂粮 , 粥 , 食物养生 , 食谱 , 坚果 | |
| 电子资源: | ||
| ISBN: | 978-7-5390-4891-8 | |
| 000 | 01005nam0 2200301 45 | |
| 001 | 012001002053 | |
| 005 | 20140913095311.0 | |
| 010 | @a978-7-5390-4891-8@dCNY49.00 | |
| 100 | @a20140402d2014 em y0chiy50 ea | |
| 101 | 0 | @achi |
| 102 | @aCN@b360000 | |
| 105 | @aa z 000yy | |
| 106 | @ar | |
| 200 | 1 | @a养生杂粮坚果粥@Ayang sheng za liang jian guo zhou@b专著@f陈志田主编 |
| 210 | @a南昌@c江西科学技术出版社@d2020.8 | |
| 215 | @a256页@c彩图@d25cm | |
| 330 | @a本书分为杂粮粥、坚果粥、家常养生粥、最适宜以粥调养的病症、清粥小菜5部分。杂粮粥、坚果粥两部分以食材分类,所选取的每种杂粮、坚果,都说明了其养生功效、相宜搭配、禁忌搭配等内容,并附上相关的养生粥品。 | |
| 606 | 0 | @a杂粮@x粥@x食物养生@x食谱 |
| 606 | 0 | @a坚果@x粥@x食物养生@x食谱 |
| 606 | 0 | @a杂粮 |
| 606 | 0 | @a粥 |
| 606 | 0 | @a食物养生 |
| 606 | 0 | @a食谱 |
| 606 | 0 | @a坚果 |
| 690 | @aTS972.137@v5 | |
| 701 | 0 | @a陈志田@Achen zhi tian@f(1977 )@4主编 |
| 801 | 0 | @aCN@bBJSDL@c20211011 |
| 905 | @b1338254-7@dTS972.137@e666@f4 | |
| 养生杂粮坚果粥/陈志田主编.-南昌:江西科学技术出版社,2020.8 |
| 256页:彩图;25cm |
| ISBN 978-7-5390-4891-8:CNY49.00 |
| 本书分为杂粮粥、坚果粥、家常养生粥、最适宜以粥调养的病症、清粥小菜5部分。杂粮粥、坚果粥两部分以食材分类,所选取的每种杂粮、坚果,都说明了其养生功效、相宜搭配、禁忌搭配等内容,并附上相关的养生粥品。 |
| ● |
| 相关链接 |
|
|
|
|
正题名:养生杂粮坚果粥
索取号:TS972.137/666
 
预约/预借
| 序号 | 登录号 | 条形码 | 馆藏地/架位号 | 状态 | 备注 |
| 1 | 1338254 | 213382542 | 第二样本阅览室/ [索取号:TS972.137/666] | 在馆 | |
| 2 | 1338255 | 213382551 | 第三借阅区/ [索取号:TS972.137/666] | 在馆 | |
| 3 | 1338256 | 213382560 | 第三借阅区/ [索取号:TS972.137/666] | 在馆 | |
| 4 | 1338257 | 213382579 | 第三借阅区/ [索取号:TS972.137/666] | 在馆 |